BMI Building Maintenance Price Book 2002 (Record no. 69920)

MARC details
000 -LEADER
fixed length control field 00767cam a2200217 4500
001 - CONTROL NUMBER
control field WB3812-03
008 - FIXED-LENGTH DATA ELEMENTS--GENERAL INFORMATION
fixed length control field 020404n2002 000 0 eng u
035 ## - SYSTEM CONTROL NUMBER
System control number (Sirsi) u117363
245 ## - TITLE STATEMENT
Title BMI Building Maintenance Price Book 2002
260 ## - PUBLICATION, DISTRIBUTION, ETC.
-- 2002
490 ## - SERIES STATEMENT
Series statement BCIS Press Release
Volume/sequential designation April 2002, (2)
520 ## - SUMMARY, ETC.
Summary, etc. This recent publication provides means of checking rates for building maintenance, repairs and rehabilitation work. It is the only annual price guide exclusively for this sector of the construction industry.
590 ## - LOCAL NOTE (RLIN)
Local note WB
650 ## - SUBJECT ADDED ENTRY--TOPICAL TERM
Topical term or geographic name entry element BUILT ENVIRONMENT-BUILDING MAINTENANCE AND REFURBISHMENT
650 ## - SUBJECT ADDED ENTRY--TOPICAL TERM
Topical term or geographic name entry element COSTS
650 ## - SUBJECT ADDED ENTRY--TOPICAL TERM
Topical term or geographic name entry element PRICES
650 ## - SUBJECT ADDED ENTRY--TOPICAL TERM
Topical term or geographic name entry element REPAIRS
650 ## - SUBJECT ADDED ENTRY--TOPICAL TERM
Topical term or geographic name entry element REHABILITATION COSTS
690 ## - LOCAL SUBJECT ADDED ENTRY--TOPICAL TERM (OCLC, RLIN)
Topical term or geographic name as entry element BUILT ENVIRONMENT
942 ## - ADDED ENTRY ELEMENTS (KOHA)
Suppress in OPAC 0
Holdings
Withdrawn status Lost status Source of classification or shelving scheme Damaged status Not for loan Home library Current library Shelving location Date acquired Total Checkouts Full call number Barcode Date last seen Copy number Price effective from Koha item type
    Dewey Decimal Classification     London London News article 04/04/2002   WB3812-03 117363-1001 06/08/2019 1 06/08/2019 News article